[Event "Ciutat de Barcelona -  Casino de Barcelo"]
[Site "Barcelona"]
[Date "2012.10.23"]
[Round "1"]
[White "Oms Pallisse, Josep"]
[Black "Munoz Pantoja, Miguel"]
[Result "0-1"]
[WhiteElo "2506"]
[BlackElo "2460"]
[PlyCount "62"]
[EventDate "2012.10.23"]
[EventRounds "9"]
[EventCountry "ESP"]

1. d4 c5 2. d5 Nf6 3. c4 d6 4. Nc3 g6 5. e4 Bg7 6. Nf3 O-O 7. h3 e5 8. Bg5 Qa5
9. Nd2 Kh8 10. Be2 Ng8 11. O-O f5 12. exf5 gxf5 13. a3 Bf6 14. b4 Qd8 15. Bxf6+
Qxf6 16. Nb3 b6 17. Qd2 f4 18. Kh2 Qh6 19. Bf3 Na6 20. bxc5 Nxc5 21. Nxc5 bxc5
22. Rfe1 Bf5 23. Be4 Ne7 24. Rab1 Bxe4 25. Nxe4 Nf5 26. Rb7 Rg8 27. Qd3 Rg6 28.
Rg1 Rag8 29. g4 fxg3+ 30. fxg3 Ne3 31. h4 Rxg3 0-1

[Event "Ciutat de Barcelona -  Casino de Barcelo"]
[Site "Barcelona"]
[Date "2012.10.23"]
[Round "1"]
[White "Nielsen, Peter Heine"]
[Black "Nikolic, Predrag"]
[Result "1-0"]
[WhiteElo "2662"]
[BlackElo "2638"]
[PlyCount "71"]
[EventDate "2012.10.23"]
[EventRounds "9"]
[EventCountry "ESP"]

1. d4 e6 2. c4 Bb4+ 3. Nd2 f5 4. g3 Nf6 5. Bg2 O-O 6. Ngf3 a5 7. O-O b6 8. Ne5
Ra7 9. Nd3 Bxd2 10. Qxd2 Bb7 11. Bxb7 Rxb7 12. b3 Qe7 13. Bb2 d6 14. d5 e5 15.
f4 e4 16. Ne1 Rf7 17. Nc2 c5 18. dxc6 Nxc6 19. Ne3 Ne8 20. a4 Nb4 21. Rad1 Na6
22. Qc3 Nc5 23. Rd5 Qe6 24. h3 Rbd7 25. g4 fxg4 26. hxg4 h6 27. g5 Nc7 28. f5
Qe7 29. f6 Qe6 30. Rdf5 g6 31. Ng4 gxf5 32. Nxh6+ Kf8 33. g6 Rxf6 34. Qxf6+
Qxf6 35. Bxf6 Ne8 36. Bb2 1-0

[Event "Ciutat de Barcelona -  Casino de Barcelo"]
[Site "Barcelona"]
[Date "2012.10.23"]
[Round "1"]
[White "Fluvia Poyatos, Joan"]
[Black "Sjugirov, Sanan"]
[Result "0-1"]
[WhiteElo "2490"]
[BlackElo "2624"]
[PlyCount "126"]
[EventDate "2012.10.23"]
[EventRounds "9"]
[EventCountry "ESP"]

1. e4 c5 2. Nf3 d6 3. d4 cxd4 4. Nxd4 Nf6 5. Nc3 a6 6. Bg5 Nbd7 7. f4 Qc7 8.
Qe2 e6 9. O-O-O b5 10. f5 e5 11. Nd5 Nxd5 12. exd5 Nb6 13. Qh5 Be7 14. Bxe7
Qxe7 15. Nc6 Qf6 16. Bd3 Bd7 17. Be4 Qh6+ 18. Qxh6 gxh6 19. Na5 f6 20. Rd3 Rg8
21. Rh3 Rg4 22. Nb7 Rb8 23. Bf3 Rf4 24. Nxd6+ Ke7 25. Rxh6 Kxd6 26. Rxf6+ Ke7
27. Rh6 Bxf5 28. Re1 e4 29. Bxe4 Rxe4 30. Rxe4+ Bxe4 31. Re6+ Kd7 32. Rxe4 Nxd5
33. c3 Rf8 34. Rh4 Rf1+ 35. Kc2 Nf6 36. Kb3 Rf2 37. g3 h5 38. a4 bxa4+ 39. Ka3
Ke7 40. h3 Rf3 41. Kxa4 Rxg3 42. Ka5 Rg2 43. b4 Ra2+ 44. Kb6 Ra3 45. c4 Ra4 46.
b5 axb5 47. Kxb5 Ra3 48. c5 Rc3 49. Rd4 Rxh3 50. c6 Rc3 51. Kb6 Ke6 52. Kb7
Rb3+ 53. Ka7 Ne8 54. Re4+ Kf7 55. Rd4 Ke7 56. Rd7+ Kf6 57. Rh7 Kg5 58. Re7 Nd6
59. Re5+ Kg4 60. Rc5 h4 61. c7 h3 62. Rc4+ Kg3 63. Ka8 Nxc4 0-1

[Event "Ciutat de Barcelona -  Casino de Barcelo"]
[Site "Barcelona"]
[Date "2012.10.24"]
[Round "2"]
[White "Munoz Pantoja, Miguel"]
[Black "Alonso Rosell, Alvar"]
[Result "1/2-1/2"]
[WhiteElo "2460"]
[BlackElo "2540"]
[PlyCount "80"]
[EventDate "2012.10.23"]
[EventRounds "9"]
[EventCountry "ESP"]

1. e4 c6 2. Nc3 d5 3. Nf3 Bg4 4. Be2 Nf6 5. e5 Nfd7 6. d4 e6 7. O-O Be7 8. Ne1
Bxe2 9. Nxe2 c5 10. c3 Nc6 11. Be3 cxd4 12. cxd4 Rc8 13. Nd3 Nb6 14. f4 O-O 15.
b3 Nb4 16. Nc5 Rc7 17. Qd2 Nc6 18. Rac1 Qc8 19. Rc3 a5 20. a4 Nd7 21. Nd3 Nb4
22. Rfc1 Rxc3 23. Nxc3 Qb8 24. Nb5 Nxd3 25. Qxd3 Rc8 26. Rxc8+ Qxc8 27. Qc3
Qxc3 28. Nxc3 f5 29. Nb5 Nb8 30. Kf2 Nc6 31. Ke2 Kf7 32. Kd3 Ke8 33. Bd2 Kd7
34. g3 g6 35. Be3 Nb4+ 36. Kc3 Na2+ 37. Kb2 Nb4 38. Kc3 Na2+ 39. Kb2 Nb4 40.
Kc3 Na2+ 1/2-1/2

[Event "Ciutat de Barcelona -  Casino de Barcelo"]
[Site "Barcelona"]
[Date "2012.10.24"]
[Round "2"]
[White "Sjugirov, Sanan"]
[Black "Quesada Perez, Yuniesky"]
[Result "1/2-1/2"]
[WhiteElo "2624"]
[BlackElo "2604"]
[PlyCount "79"]
[EventDate "2012.10.23"]
[EventRounds "9"]
[EventCountry "ESP"]

1. d4 Nf6 2. c4 e6 3. g3 Bb4+ 4. Bd2 Bxd2+ 5. Qxd2 d5 6. Nf3 c6 7. Bg2 Nbd7 8.
O-O b6 9. Rc1 O-O 10. b4 Bb7 11. Qb2 dxc4 12. Rxc4 a5 13. bxa5 Rxa5 14. Nc3 Qa8
15. Rb4 Rc8 16. Ne1 Nd5 17. Nxd5 cxd5 18. Nd3 Ba6 19. Ne5 Nxe5 20. dxe5 Bc4 21.
Rxb6 Rxa2 22. Rxa2 Qxa2 23. Qxa2 Bxa2 24. f4 g6 25. Kf2 Rc2 26. Bf3 Bc4 27. Rd6
h5 28. Rd8+ Kg7 29. h4 Ra2 30. Rd7 Bb5 31. Rb7 Bc4 32. Rc7 Bd3 33. Rd7 Bf5 34.
Rd8 Rb2 35. Ke3 Rb3+ 36. Kf2 Rb2 37. Ke3 Rb3+ 38. Kf2 Rb2 39. Ke3 Rb3+ 40. Kf2
1/2-1/2

[Event "Ciutat de Barcelona -  Casino de Barcelo"]
[Site "Barcelona"]
[Date "2012.10.24"]
[Round "2"]
[White "Aroshidze, Levan"]
[Black "Fluvia Poyatos, Joan"]
[Result "1-0"]
[WhiteElo "2560"]
[BlackElo "2490"]
[PlyCount "73"]
[EventDate "2012.10.23"]
[EventRounds "9"]
[EventCountry "ESP"]

1. e4 c5 2. Nf3 d6 3. d4 cxd4 4. Nxd4 Nf6 5. Nc3 a6 6. h3 b5 7. g4 Bb7 8. Bg2
e6 9. O-O b4 10. Nd5 exd5 11. exd5 Be7 12. Nc6 Bxc6 13. dxc6 d5 14. g5 Ne4 15.
c7 Qd7 16. Qxd5 Qxd5 17. c8=Q+ Bd8 18. Re1 Nd7 19. Bxe4 Rxc8 20. Bxd5+ Kf8 21.
Bf4 Be7 22. Re2 Nb6 23. Bb7 Rc4 24. Be3 Rc7 25. Bxa6 Nd5 26. Bd2 f6 27. Rae1
Kf7 28. b3 Rd8 29. Bc4 Kg6 30. gxf6 gxf6 31. Bxd5 Rxd5 32. Rxe7 Rxe7 33. Rxe7
Rxd2 34. Rc7 Rd1+ 35. Kg2 Ra1 36. Rc4 Rxa2 37. Kf3 1-0

[Event "Ciutat de Barcelona -  Casino de Barcelo"]
[Site "Barcelona"]
[Date "2012.10.24"]
[Round "2"]
[White "Oms Pallisse, Josep"]
[Black "Nielsen, Peter Heine"]
[Result "1/2-1/2"]
[WhiteElo "2506"]
[BlackElo "2662"]
[PlyCount "93"]
[EventDate "2012.10.23"]
[EventRounds "9"]
[EventCountry "ESP"]

1. d4 Nf6 2. c4 g6 3. Nc3 d5 4. Nf3 Bg7 5. Qb3 dxc4 6. Qxc4 O-O 7. e4 Be6 8.
Qa4 c5 9. d5 Bd7 10. Qb3 e6 11. dxe6 Bxe6 12. Bc4 Re8 13. O-O Nc6 14. Bxe6 Rxe6
15. Bg5 Qb6 16. Qc4 Qb4 17. Qxb4 Nxb4 18. Nd2 Nd3 19. Rab1 h6 20. Bxf6 Bxf6 21.
Nd5 Rd8 22. Nxf6+ Rxf6 23. f3 Nb4 24. Nc4 Nxa2 25. Ra1 Ra6 26. Rfd1 Rd4 27.
Rxd4 cxd4 28. Rd1 b5 29. Ne5 Re6 30. Nd3 a5 31. Ra1 Nb4 32. Nxb4 axb4 33. Rd1
Rc6 34. Rxd4 Rc1+ 35. Kf2 Rc2+ 36. Kg3 Rxb2 37. Rd5 b3 38. Rxb5 Kf8 39. Rb7 Rb1
40. h4 Ke8 41. Kf4 Kf8 42. e5 b2 43. h5 g5+ 44. Kf5 Kg7 45. Rb4 Rh1 46. Rxb2
Rxh5 47. Rb7 1/2-1/2

[Event "Ciutat de Barcelona -  Casino de Barcelo"]
[Site "Barcelona"]
[Date "2012.10.25"]
[Round "3"]
[White "Nielsen, Peter Heine"]
[Black "Munoz Pantoja, Miguel"]
[Result "1-0"]
[WhiteElo "2662"]
[BlackElo "2460"]
[PlyCount "119"]
[EventDate "2012.10.23"]
[EventRounds "9"]
[EventCountry "ESP"]

1. Nf3 c5 2. c4 Nc6 3. d4 Nf6 4. Nc3 g6 5. d5 Na5 6. e4 Bg7 7. h3 d6 8. Be2 O-O
9. Bg5 e5 10. Nd2 {[%clk 0:29]} h6 11. Be3 {[%clk 0:29]} Ne8 12. g4 {
[%clk 0:29]} Bd7 13. h4 {[%clk 0:29]} a6 14. h5 {[%clk 0:29]} g5 15. b4 {
[%clk 0:29]} cxb4 16. Na4 {[%clk 0:29]} Bxa4 17. Qxa4 {[%clk 0:29]} Nxc4 18.
Bxc4 {[%clk 0:29]} b5 19. Qxb4 {[%clk 0:29]} bxc4 20. Nxc4 {[%clk 0:29]} Rb8
21. Qd2 {[%clk 0:29]} Qc8 22. Qe2 {[%clk 0:29]} Rb4 23. Rc1 {[%clk 0:29]} Qd7
24. O-O {[%clk 0:29]} Nf6 25. f3 {[%clk 0:29]} Rfb8 26. Rc2 {[%clk 0:29]} Bf8
27. Na5 {[%clk 0:29]} Qb5 28. Qxb5 {[%clk 0:29]} R8xb5 29. Nc4 {[%clk 0:29]}
Nd7 30. Bd2 {[%clk 0:29]} Ra4 31. Ne3 {] [%clk 0:29]} Nc5 32. Nf5 {
9 [%clk 0:29]} f6 33. Rd1 {3 [%clk 0:29]} Kf7 34. Be3 {3 [%clk 0:29]} Ke8 35.
Bxc5 {5 [%clk 0:29]} dxc5 36. Ne3 {] [%clk 0:29]} Bd6 37. Nc4 {3 [%clk 0:29]}
Kd7 38. a3 {1 [%clk 0:29]} Ke7 39. Kf1 {] [%clk 0:29]} Kd7 40. Ke2 {
2 [%clk 0:29]} Ke7 {2} 41. Kd3 {[%clk 0:29]} Kd7 42. Ra1 {[%clk 0:29]} Kc7 43.
Rc3 {[%clk 0:29]} Kd7 44. Kc2 {[%clk 0:29]} Bc7 45. Ne3 {[%clk 0:29]} Rd4 46.
Nc4 {] [%clk 0:29]} Bd8 47. Rb1 {7 [%clk 0:29]} Bc7 48. Rbb3 {9 [%clk 0:29]}
Bd8 49. Ne3 {5 [%clk 0:29]} Ba5 50. Rxb5 {1 [%clk 0:29]} axb5 51. Rxc5 {
] [%clk 0:29]} Rd2+ 52. Kc1 {0 [%clk 0:29]} Rd3 53. Nf5 {1 [%clk 0:29]} Rxf3
54. Rxb5 {] [%clk 0:29]} Bc7 55. Nxh6 {6 [%clk 0:29]} Bd6 56. Nf5 Bxa3+ 57. Kd2
Rf4 58. h6 Rxg4 59. h7 Rg2+ 60. Kd3 1-0

[Event "Ciutat de Barcelona -  Casino de Barcelo"]
[Site "Barcelona"]
[Date "2012.10.25"]
[Round "3"]
[White "Sokolov, Ivan"]
[Black "Oms Pallisse, Josep"]
[Result "1/2-1/2"]
[WhiteElo "2690"]
[BlackElo "2506"]
[PlyCount "121"]
[EventDate "2012.10.23"]
[EventRounds "9"]
[EventCountry "ESP"]

1. d4 {6} e6 {6} 2. c4 {6} Bb4+ 3. Bd2 Qe7 4. Nc3 Nf6 5. Qc2 Nc6 6. Nf3 O-O 7.
a3 Bxc3 8. Bxc3 d6 9. g3 a5 10. Bg2 e5 11. d5 Nb8 12. O-O a4 13. Nh4 c6 14.
dxc6 Nxc6 15. Rad1 Qc7 16. Nf5 Rd8 17. Ne3 Ne7 18. Qd2 Nc6 19. Bxc6 Qxc6 20.
Bxe5 Ne4 21. Qd4 {2} Ng5 22. h4 {]} Ne6 23. Qd3 {7} Qe8 24. Bc3 {6} Nc5 25. Qd4
{3} f6 26. Nd5 {5} Bh3 27. Rfe1 {]} Qf7 28. Bb4 Ne6 29. Qe3 Ra6 30. f3 h5 31.
Qd3 Nc7 32. Nf4 Be6 33. Nxe6 Qxe6 34. Kg2 Rc6 35. Qg6 Rxc4 36. Qxh5 Rc2 37. Rd2
Rxd2 38. Bxd2 Rc8 39. Qg6 Nd5 40. Qd3 {9} Nb6 {9} 41. Bc3 {9} Nc4 {9} 42. e4 {9
} Rc6 43. Re2 Rb6 44. g4 Rb3 45. Qd4 {6} b5 46. g5 {]} Ne5 47. Re3 Kf7 48. Qa7+
Qe7 49. Qxe7+ Kxe7 50. gxf6+ gxf6 51. f4 {[%clk 0:14.26]} b4 52. fxe5 bxc3 53.
exd6+ Kxd6 54. Rxc3 Rxb2+ 55. Kf3 Rb3 56. Re3 Ke5 57. h5 Kd4 58. Rxb3 axb3 59.
h6 b2 60. h7 b1=Q 61. h8=Q 1/2-1/2

[Event "Ciutat de Barcelona -  Casino de Barcelo"]
[Site "Barcelona"]
[Date "2012.10.25"]
[Round "3"]
[White "Alonso Rosell, Alvar"]
[Black "Sjugirov, Sanan"]
[Result "1/2-1/2"]
[WhiteElo "2540"]
[BlackElo "2624"]
[PlyCount "139"]
[EventDate "2012.10.23"]
[EventRounds "9"]
[EventCountry "ESP"]

1. Nf3 {6} Nf6 {6} 2. c4 {6} g6 3. Nc3 Bg7 4. g3 O-O 5. Bg2 d6 6. O-O Nc6 7. d4
a6 8. d5 Na5 9. Nd2 c5 10. Qc2 Rb8 11. Rb1 b5 12. b3 e5 13. dxe6 Bxe6 14. cxb5
axb5 15. Nde4 Bf5 16. Bg5 h6 17. Bxf6 Bxf6 18. Rbd1 Bg7 19. Qc1 Bxe4 20. Nxe4
Nb7 21. a3 Qe7 22. b4 Rbc8 23. Qd2 cxb4 {4} 24. Qxb4 Rc4 {7} 25. Qb1 Ra4 26.
Nd2 Rxa3 27. Qxb5 Nc5 28. e3 Rd8 29. Nc4 Rb3 30. Qa5 Rd3 31. Bd5 Bf6 32. Qb5
Rxd1 33. Rxd1 Kg7 34. Qc6 Nd7 35. Qxd6 Qxd6 36. Nxd6 Nb6 37. Bf3 Be7 38. Nb5
Rxd1+ 39. Bxd1 Nc4 40. Be2 {5} Nd6 41. Nc3 Bf6 42. Nd5 Bb2 43. g4 g5 44. Bd3
Ba1 45. Kg2 Ne8 46. Be2 Nd6 47. h3 Bb2 48. Bd3 Ne8 49. Ne7 Nd6 50. Nd5 Ne8 51.
Kg3 Be5+ 52. Kf3 Nd6 53. Bc2 Bb2 54. Kg2 Ne8 55. Bf5 Nd6 56. h4 gxh4 57. Bd3
Ne8 58. Kh3 Nf6 59. Nf4 Be5 60. Kxh4 {1} Bxf4 61. exf4 {5} Nd5 62. Kg3 {1} Kf6
63. Be4 Nc7 64. f5 h5 65. gxh5 Kg5 66. f6 Ne8 67. Bg6 Nxf6 68. f4+ Kh6 69. Bxf7
Nxh5+ 70. Bxh5 1/2-1/2

[Event "Ciutat de Barcelona -  Casino de Barcelo"]
[Site "Barcelona"]
[Date "2012.10.26"]
[Round "4"]
[White "Munoz Pantoja, Miguel"]
[Black "Sjugirov, Sanan"]
[Result "0-1"]
[WhiteElo "2460"]
[BlackElo "2624"]
[PlyCount "154"]
[EventDate "2012.10.23"]
[EventRounds "9"]
[EventCountry "ESP"]

1. e4 {Ã?} d6 {Ã?} 2. g3 {Ã?} c5 3. Bg2 g6 4. Ne2 Bg7 5. O-O Nc6 6. c3 e5 7. d3
Nge7 8. Be3 O-O 9. f4 Bg4 10. h3 exf4 11. gxf4 Be6 12. Nd2 Qd7 13. Kh2 b6 14.
Ng3 d5 15. Nf3 dxe4 16. dxe4 Qxd1 17. Rfxd1 Rad8 18. Rxd8 Rxd8 19. Bf1 Na5 20.
Nd2 f5 21. exf5 gxf5 22. Nf3 Kf8 23. Kg1 Rd6 24. Kf2 Nc4 25. Bxc4 Bxc4 26. Re1
Rh6 27. h4 Rd6 28. a3 Bf6 29. Bc1 h6 30. Nh5 Bh8 31. Ng3 Bf6 32. Nh5 Bh8 33.
Ng3 Rd8 34. Be3 Bb3 35. Nd2 Bf7 36. Nf3 Bf6 37. Rc1 Bb3 38. Nh5 Bh8 39. Nd2 Be6
40. Re1 Bf7 41. Ng3 Bf6 42. Nf3 a5 43. Rc1 a4 44. Rh1 Bb3 45. Nh5 Bh8 46. Nd2
Be6 47. Nf3 Bf7 48. Ng3 Bf6 49. Rg1 Rd6 50. Rh1 Bb3 51. Nh5 Bh8 52. Ne5 Ng6 53.
Nf3 Rd1 54. Re1 Rxe1 55. Kxe1 Bd5 56. Ne5 Nxh4 {[%clk 0:19.18]} 57. Kf2 Bf7 58.
Ng3 Ke8 59. Ke2 Bf6 60. Kd3 Be7 61. c4 Bf6 62. Ne2 Ng2 63. Nc3 Bxe5 64. fxe5
Bxc4+ 65. Kd2 Nxe3 66. Kxe3 b5 67. Kf4 Bd3 68. Ke3 Bc4 69. Kf4 Ke7 70. Kxf5
Bd3+ 71. Kf4 Ke6 72. Ke3 Bc2 73. Kf4 b4 74. Ne2 Bd3 75. Ng1 bxa3 76. bxa3 c4
77. Nf3 c3 0-1

[Event "Ciutat de Barcelona -  Casino de Barcelo"]
[Site "Barcelona"]
[Date "2012.10.26"]
[Round "4"]
[White "Oms Pallisse, Josep"]
[Black "Fluvia Poyatos, Joan"]
[Result "1/2-1/2"]
[WhiteElo "2506"]
[BlackElo "2490"]
[PlyCount "95"]
[EventDate "2012.10.23"]
[EventRounds "9"]
[EventCountry "ESP"]

1. Nf3 Nf6 2. c4 e6 3. d4 b6 4. g3 Bb7 5. Bg2 Be7 6. O-O O-O 7. Nc3 Ne4 8. Bd2
Bf6 9. Ne5 Nxc3 10. Bxc3 Bxg2 11. Kxg2 d5 12. Ng4 Nd7 13. Qa4 Be7 14. Rfd1 Nf6
15. Nxf6+ Bxf6 16. Qc6 Qd6 17. Qxd6 cxd6 18. cxd5 exd5 19. Bb4 Rfd8 20. Rac1 a5
21. Ba3 b5 22. b3 b4 23. Bb2 Rdc8 24. e3 Kf8 25. Kf3 Ke7 26. Ke2 h5 27. h3 Kd7
28. Rxc8 Rxc8 29. Kd3 Be7 30. Ra1 Ra8 {]} 31. a3 bxa3 {3} 32. Bc3 Kc6 {1} 33.
Rxa3 Kb5 {0} 34. g4 hxg4 {0} 35. hxg4 a4 {3} 36. Bd2 g6 {0} 37. f3 Ra6 {5} 38.
e4 dxe4+ {6} 39. fxe4 axb3 {6} 40. Rxb3+ {6} Kc6 {6} 41. d5+ {6} Kc7 {6} 42.
Bc3 Ra4 43. Bd4 Ra2 44. Bb2 Ra4 45. Bc3 Ra2 {]} 46. Bb2 Ra4 {3} 47. Rc3+ Kd7 {2
} 48. Rb3 1/2-1/2

[Event "Ciutat de Barcelona -  Casino de Barcelo"]
[Site "Barcelona"]
[Date "2012.10.26"]
[Round "4"]
[White "Nielsen, Peter Heine"]
[Black "Sokolov, Ivan"]
[Result "1/2-1/2"]
[WhiteElo "2662"]
[BlackElo "2690"]
[PlyCount "78"]
[EventDate "2012.10.23"]
[EventRounds "9"]
[EventCountry "ESP"]

1. d4 {2} Nf6 {2} 2. c4 {2} e6 3. Nf3 d5 4. Nc3 Nbd7 5. Bg5 h6 6. Bh4 Be7 7. e3
O-O 8. Qc2 c5 9. cxd5 Nxd5 10. Bxe7 Nxe7 11. Be2 cxd4 12. Nxd4 Nf6 13. O-O a6
14. Rfd1 Bd7 15. Bf3 Qb6 16. Qb3 Qxb3 17. Nxb3 Bc6 18. Bxc6 Nxc6 19. Nc5 b6 20.
N5e4 Nxe4 21. Nxe4 Rfd8 22. Kf1 Kf8 23. Ke2 Ke7 24. Rxd8 Rxd8 25. Rc1 Rc8 26.
Rc3 Na7 27. Rxc8 Nxc8 28. Kd3 Nd6 29. Nxd6 Kxd6 30. Kd4 e5+ 31. Kc4 g5 32. g4 {
4} Kc6 33. b4 {3} Kd6 34. e4 {]} b5+ 35. Kd3 {7} Kc6 36. Kc3 {3} Kd6 37. Kd3 {]
} Kc6 38. Kc3 {9} Kd6 39. Kd3 {5} Kc6 1/2-1/2

[Event "Ciutat de Barcelona -  Casino de Barcelo"]
[Site "Barcelona"]
[Date "2012.10.27"]
[Round "5"]
[White "Sokolov, Ivan"]
[Black "Munoz Pantoja, Miguel"]
[Result "1-0"]
[WhiteElo "2690"]
[BlackElo "2460"]
[PlyCount "75"]
[EventDate "2012.10.23"]
[EventRounds "9"]
[EventCountry "ESP"]

1. Nf3 c5 2. c4 Nc6 3. d4 Nf6 4. d5 Na5 5. Nc3 d6 6. e4 g6 7. h3 Bg7 8. Bg5 e5
9. b4 cxb4 10. Qa4+ Bd7 11. Qxb4 Qc7 12. Rc1 O-O 13. Nb5 Bxb5 14. cxb5 Qd8 15.
Be2 b6 16. Be3 Nb7 17. Rc6 Nd7 18. h4 Ndc5 19. h5 Bf6 20. g4 Rb8 21. g5 Be7 22.
Bd2 Re8 23. Qc4 Na5 24. Bxa5 bxa5 25. hxg6 hxg6 26. Nxe5 dxe5 27. Qc3 Bf8 28.
Qh3 Bg7 29. Rxc5 Qxg5 30. Rc7 a6 31. bxa6 Rb1+ 32. Bd1 Qf4 33. Qd3 Rb4 34. Rc4
Bf8 35. Qh3 Bh6 36. Rxb4 Qd2+ 37. Kf1 axb4 38. Ba4 1-0

[Event "Ciutat de Barcelona -  Casino de Barcelo"]
[Site "Barcelona"]
[Date "2012.10.27"]
[Round "5"]
[White "Fluvia Poyatos, Joan"]
[Black "Nielsen, Peter Heine"]
[Result "0-1"]
[WhiteElo "2490"]
[BlackElo "2662"]
[PlyCount "77"]
[EventDate "2012.10.23"]
[EventRounds "9"]
[EventCountry "ESP"]

1. e4 c5 2. Nf3 d6 3. d4 cxd4 4. Nxd4 Nf6 5. Nc3 g6 6. g3 Bg7 7. Bg2 O-O 8. O-O
Nc6 9. Nde2 Rb8 10. b3 b5 11. a3 a5 12. Bb2 b4 13. axb4 axb4 14. Nb1 Qc7 15.
Nd2 Rd8 16. Qc1 e5 17. c4 bxc3 18. Qxc3 d5 19. Rfc1 Bb7 20. exd5 Nxd5 21. Qc4
Ndb4 22. Rd1 Qb6 23. Bc3 Rbc8 24. Qh4 Nc2 25. Nc4 Nxa1 26. Nxb6 Rxd1+ 27. Bf1
Rcd8 28. Qa4 Nc2 29. b4 N2d4 30. Nxd4 Nxd4 31. Bxd4 R8xd4 32. Nc4 Rxf1+ 33.
Kxf1 Rxc4 34. Qb5 Rc1+ 35. Ke2 Bc6 36. Qa6 Bg2 37. b5 Rb1 38. f3 Bf1+ 39. Ke3
0-1

[Event "Ciutat de Barcelona -  Casino de Barcelo"]
[Site "Barcelona"]
[Date "2012.10.27"]
[Round "5"]
[White "Quesada Perez, Yuniesky"]
[Black "Oms Pallisse, Josep"]
[Result "1/2-1/2"]
[WhiteElo "2604"]
[BlackElo "2506"]
[PlyCount "87"]
[EventDate "2012.10.23"]
[EventRounds "9"]
[EventCountry "ESP"]

1. e4 e6 2. d4 d5 3. Nc3 Nf6 4. e5 Nfd7 5. f4 c5 6. Nf3 Nc6 7. Be3 cxd4 8. Nxd4
Qb6 9. Qd2 Qxb2 10. Rb1 Qa3 11. Bb5 Nxd4 12. Bxd4 a6 13. Bxd7+ Bxd7 14. Rb3 Qe7
15. Rxb7 Qh4+ 16. Bf2 Qd8 17. Bb6 Qc8 18. Rc7 Qd8 19. Qd4 Rb8 20. O-O Rc8 21.
Rxc8 Qxc8 22. f5 Qc6 23. fxe6 Bxe6 24. Ne4 Be7 25. Nd6+ Bxd6 26. exd6 O-O 27.
Qc5 Rc8 28. Re1 Qa4 29. Bc7 Re8 30. c3 h6 31. h3 Bc8 32. Re7 Rxe7 33. dxe7 Qd7
34. Qe3 Qe8 35. Qe5 Bd7 36. Bb6 Bc6 37. Bd4 f6 38. Qe6+ Kh7 39. a3 Bd7 40. Qd6
Bc6 41. Qe6 Bd7 42. Qd6 Bc6 43. Kf2 Qd7 44. Qxd7 1/2-1/2

[Event "Ciutat de Barcelona -  Casino de Barcelo"]
[Site "Barcelona"]
[Date "2012.10.28"]
[Round "6"]
[White "Munoz Pantoja, Miguel"]
[Black "Aroshidze, Levan"]
[Result "0-1"]
[WhiteElo "2460"]
[BlackElo "2560"]
[PlyCount "92"]
[EventDate "2012.10.23"]
[EventRounds "9"]
[EventCountry "ESP"]

1. e4 c5 2. Nf3 e6 3. c4 Nc6 4. Nc3 Nd4 5. d3 Ne7 6. Nxd4 cxd4 7. Ne2 Nc6 8. a3
b5 9. b4 Rb8 10. Bd2 a5 11. bxa5 bxc4 12. dxc4 Ba6 13. Nf4 Nxa5 14. Nxe6 fxe6
15. Qh5+ g6 16. Qxa5 Qxa5 17. Bxa5 {[%clk 1:10]} Rb3 18. Bb4 d3 19. Rc1 Bh6 20.
Bd2 Bg7 21. h4 Bb2 22. Rb1 Bxc4 23. Rh3 O-O 24. Bxd3 Bxd3 25. Rxb2 Rxb2 26.
Rxd3 Rb7 27. Ke2 Rc8 28. Bb4 Rc4 29. Ke3 Kf7 30. g3 Ke8 31. Rd6 Rc6 32. Rd3
Rbb6 33. Kf4 Rb5 34. Ke3 d5 35. e5 Rc4 36. Kf3 Re4 37. Bd6 Rb2 38. Kg2 Ree2 39.
Rf3 d4 40. Bc5 Rbd2 41. Bb4 Rc2 42. Rf8+ Kd7 43. Rf4 d3 44. Rd4+ Ke8 45. Rxd3
Rxf2+ 46. Kg1 Rfe2 0-1

[Event "Ciutat de Barcelona -  Casino de Barcelo"]
[Site "Barcelona"]
[Date "2012.10.28"]
[Round "6"]
[White "Oms Pallisse, Josep"]
[Black "Alonso Rosell, Alvar"]
[Result "1/2-1/2"]
[WhiteElo "2506"]
[BlackElo "2540"]
[PlyCount "80"]
[EventDate "2012.10.23"]
[EventRounds "9"]
[EventCountry "ESP"]

1. Nf3 d5 2. d4 Nf6 3. c4 c6 4. Nc3 a6 5. e3 Bf5 6. Qb3 Ra7 7. a4 e6 8. a5 Nbd7
9. Be2 h6 10. O-O Bd6 11. Bd2 O-O 12. Rfd1 Qe7 13. Be1 {[%clk 1:00]} dxc4 14.
Qxc4 Raa8 15. Qb3 Rab8 16. Na4 Rfd8 17. Nd2 e5 18. Nc4 Be6 19. Qc2 Bxc4 20.
Bxc4 e4 21. Nc3 h5 22. Qb3 h4 23. h3 g6 24. Na2 Kg7 25. Bb4 c5 26. dxc5 Nxc5
27. Bxc5 Bxc5 28. Rxd8 Rxd8 29. Rd1 Rxd1+ 30. Qxd1 Qc7 31. Qa4 Bd6 32. Nc3 b5
33. axb6 Qxb6 34. Qb3 Qxb3 35. Bxb3 Be5 36. Na4 Nd7 37. Kf1 f5 38. Ke2 Kf6 39.
Bc4 a5 40. b3 Bd6 1/2-1/2

[Event "Ciutat de Barcelona -  Casino de Barcelo"]
[Site "Barcelona"]
[Date "2012.10.28"]
[Round "6"]
[White "Sokolov, Ivan"]
[Black "Fluvia Poyatos, Joan"]
[Result "0-1"]
[WhiteElo "2690"]
[BlackElo "2490"]
[PlyCount "90"]
[EventDate "2012.10.23"]
[EventRounds "9"]
[EventCountry "ESP"]

1. d4 Nf6 2. c4 e6 3. Nc3 Bb4 4. e3 O-O 5. Bd3 d5 6. cxd5 exd5 7. Nge2 Re8 8.
Bd2 Bd6 9. Rc1 c6 10. f3 a5 11. O-O Na6 12. Qe1 Nc7 13. Kh1 Ne6 14. Qf2 c5 15.
Nb5 Bf8 16. dxc5 Nxc5 17. Bc2 {[%clk 0:46]} b6 18. Bc3 Ba6 19. a4 Ncd7 20. Ned4
Ne5 21. Rfe1 Rc8 22. Rcd1 Rc5 23. h3 Qb8 24. Nf5 g6 25. Qh4 Qd8 26. Nh6+ Bxh6
27. Qxh6 Bxb5 28. axb5 Nh5 29. Rd4 f5 30. e4 f4 31. Rxd5 Rxd5 32. Bb3 Nf7 33.
Bxd5 Qxd5 34. exd5 Rxe1+ 35. Bxe1 Nxh6 36. Bf2 Nf5 37. Bxb6 Nd6 38. Bxa5 Nxb5
39. h4 Kf7 40. Kh2 Kf6 41. Kh3 Kf5 42. Bb4 Nf6 43. d6 h5 44. g3 Ke6 45. gxf4
Nxd6 0-1

[Event "Ciutat de Barcelona -  Casino de Barcelo"]
[Site "Barcelona"]
[Date "2012.10.29"]
[Round "7"]
[White "Fluvia Poyatos, Joan"]
[Black "Munoz Pantoja, Miguel"]
[Result "1-0"]
[WhiteElo "2490"]
[BlackElo "2460"]
[PlyCount "83"]
[EventDate "2012.10.23"]
[EventRounds "9"]
[EventCountry "ESP"]

1. e4 c5 2. Nf3 Nc6 3. d4 cxd4 4. Nxd4 Nf6 5. Nc3 e5 6. Ndb5 d6 7. Bg5 a6 8.
Na3 b5 9. Nd5 Be7 10. Bxf6 Bxf6 11. c3 O-O 12. Nc2 Bg5 13. a4 bxa4 14. Rxa4 a5
15. Bc4 Rb8 16. Ra2 Kh8 17. Nce3 g6 18. h4 Bh6 19. Ng4 Bxg4 20. Qxg4 Ne7 21. h5
Nxd5 22. Bxd5 Kg7 23. hxg6 hxg6 24. Qh4 Qxh4 25. Rxh4 Bg5 26. Rh3 Bd8 27. b3
Bb6 28. Ke2 Rbc8 29. Kd3 Rc7 30. f3 Rfc8 31. Bc4 Rc5 32. g4 Bd8 33. Rh1 Bg5 34.
Rah2 R5c7 35. Rh7+ Kf6 36. Ra1 Ra8 37. Ra4 Raa7 38. Rh1 Kg7 39. Rha1 Bd8 40.
Rxa5 Rxa5 41. Rxa5 Rxc4 42. Ra8 1-0

[Event "Ciutat de Barcelona -  Casino de Barcelo"]
[Site "Barcelona"]
[Date "2012.10.29"]
[Round "7"]
[White "Alonso Rosell, Alvar"]
[Black "Nielsen, Peter Heine"]
[Result "1-0"]
[WhiteElo "2540"]
[BlackElo "2662"]
[PlyCount "97"]
[EventDate "2012.10.23"]
[EventRounds "9"]
[EventCountry "ESP"]

1. c4 e6 2. g3 d5 3. Nf3 dxc4 4. Qa4+ Nd7 5. Bg2 a6 6. Qxc4 b5 7. Qc6 Rb8 8.
Qc2 Bb7 9. O-O Ngf6 10. d3 Bd6 11. a4 c5 12. axb5 axb5 13. Nc3 Qb6 14. b3 O-O
15. Bb2 Rfc8 16. Rfc1 Bf8 17. Rcb1 h6 18. Bc1 Ra8 19. Be3 Ng4 20. Bd2 c4 21.
Be1 Rxa1 22. Rxa1 cxb3 23. Qxb3 b4 24. Nd1 Bd5 25. Qb2 Ra8 26. Rxa8 Bxa8 27.
Qd4 Qc7 28. Bxb4 Qc1 29. Bxf8 Qxd1+ 30. Bf1 Ngf6 31. Ne5 Nxe5 32. Qxe5 Kxf8 33.
Qb8+ Ke7 34. Qa7+ Nd7 35. Qa3+ Ke8 36. Qxa8+ Ke7 37. Qa7 Qb1 38. Qa3+ Ke8 39.
d4 Nf6 40. e3 Ne4 41. Kg2 f5 42. Qa6 Ke7 43. Bd3 Qb2 44. Bxe4 fxe4 45. Qc6 Qb1
46. h4 Qd3 47. h5 Qd1 48. Qxe4 Qxh5 49. Qh4+ 1-0

[Event "Ciutat de Barcelona -  Casino de Barcelo"]
[Site "Barcelona"]
[Date "2012.10.29"]
[Round "7"]
[White "Sjugirov, Sanan"]
[Black "Oms Pallisse, Josep"]
[Result "1-0"]
[WhiteElo "2624"]
[BlackElo "2506"]
[PlyCount "77"]
[EventDate "2012.10.23"]
[EventRounds "9"]
[EventCountry "ESP"]

1. d4 Nf6 2. c4 e6 3. g3 Bb4+ 4. Bd2 Qe7 5. Nf3 Nc6 6. Nc3 Bxc3 7. Bxc3 Ne4 8.
Rc1 O-O 9. Bg2 d6 10. d5 Nd8 11. O-O e5 12. Nd2 Nxc3 13. Rxc3 b6 14. f4 exf4
15. gxf4 Re8 16. e4 Nb7 17. Re3 Qh4 18. e5 Bg4 19. Qe1 Qxe1 20. Rfxe1 Nc5 21.
b4 Nb7 22. h3 Bd7 23. e6 Ba4 24. Ne4 Re7 25. Nc3 Bc2 26. Nb5 g6 27. Nd4 Bf5 28.
Nc6 Ree8 29. Nxa7 Kg7 30. Nb5 Re7 31. a3 Rf8 32. Nd4 Nd8 33. a4 fxe6 34. dxe6
c5 35. Nxf5+ Rxf5 36. a5 cxb4 37. axb6 Rf8 38. Ra1 Rxe6 39. b7 1-0